000 00405nam a2200169Ia 4500
001 10544
003 IN-NITTTR
005 20251114233058.0
008 251113s9999||||xx |||||||||||||| ||eng||
040 _beng
040 _cIN-NITTTR
041 _aeng
082 _a620.1121 B83S
100 _aBruch, Charles D.
245 0 _aStrenth of materials for technology /
_cBruch, Charles D.
942 _2ddc
_cBK
999 _c13181
_d13181